Analýza súvahy ako súčasti individuálnej účtovnej závierky diplomová práca

Salvato in:
Dettagli Bibliografici
Autore principale: Ostrihoňová, Eleonóra
Ente Autore: Fakulta hospodárskej informatiky EU. Katedra účtovníctva a audítorstva
Altri autori: Szászová, Renáta
Natura: Libro
Lingua:slovacco
Pubblicazione: Bratislava 2014
Tags: Aggiungi Tag
Nessun Tag, puoi essere il primo ad aggiungerne!!

MARC

LEADER 00000nbm a2200000 4500
001 0188611
005 20170201104815.6
041 0 |a slo 
044 |a SK 
245 1 0 |a Analýza súvahy ako súčasti individuálnej účtovnej závierky  |b diplomová práca  |c Eleonóra Ostrihoňová ; školiteľ: Renáta Szászová 
264 1 |a Bratislava  |c 2014 
300 |a 59 s. 
100 1 |a Ostrihoňová, Eleonóra 
700 1 |a Szászová, Renáta 
710 2 |a Fakulta hospodárskej informatiky EU. Katedra účtovníctva a audítorstva